[Event "Madrid Magistral 6th"]
[Site "Madrid"]
[Date "1997.05.29"]
[Round "7"]
[White "Topalov, Veselin"]
[Black "Illescas Cordoba, Miguel"]
[Result "1/2-1/2"]
[WhiteElo "2725"]
[BlackElo "2635"]
[Annotator "Illescas Cordoba,M"]
[PlyCount "122"]
[EventDate "1997.06.??"]
[EventType "tourn"]
[EventRounds "9"]
[EventCountry "ESP"]
[EventCategory "17"]
[SourceTitle "CBM 059"]
[Source "ChessBase"]
[SourceDate "1997.08.01"]
[SourceVersion "1"]
[SourceVersionDate "1997.08.01"]
[SourceQuality "1"]

1. Nf3 {Lutz} d5 2. d4 Nf6 3. c4 c6 4. Nc3 e6 5. e3 Nbd7 6. Qc2 Bd6 7. Bd3 O-O
8. O-O dxc4 9. Bxc4 b5 10. Bd3 $5 (10. Be2 Bb7 $11) 10... Bb7 11. e4 e5 12.
dxe5 (12. Rd1 {Lutz}) 12... Nxe5 13. Nxe5 Bxe5 14. h3 b4 $1 $146 {Schwarz
ruiniert mit dem Textzug entgültig seinen Damenflügel, er hat jedoch eine
konkrete taktische Idee vor Augen.} (14... Re8 15. Be3 $14 (15. Be3 {Lutz} Qe7
16. Rae1 a6 17. Ne2 c5 $1 18. Bxc5 Qc7 19. Bd4 {1/2-1/2 Portisch,L-Tukmakov,V/
Reggio Emilia 1987})) 15. Ne2 (15. Na4 Bd4 $1 {/\c5,Qe7,Rfe8} 16. e5 $6 Bxe5
17. Nc5 Bc8 $15) 15... c5 $1 {|^[+]} 16. f3 $1 (16. f4 c4 $5 (16... Bd4+ 17.
Kh1 Qd7 $5 18. e5 $4 Qxh3#) 17. Qxc4 (17. Bxc4 Bxe4 $17) 17... Rc8 18. Qxb4
Qxd3 19. fxe5 Rc2 (19... Qxe2 $6 20. Re1) (19... Nxe4 20. Nf4 (20. Qxb7 Qxe2
$17) 20... Qa6 $44) 20. Nf4 Qxe4 21. Qxe4 Nxe4 $44) (16. Be3 Rc8 (16... c4 $5)
17. Rad1 Qe7 $15 {/\c5-c4} 18. b3 $2 Nxe4) (16. Rd1 Qe7 $15 (16... Nxe4 $5))
16... c4 $1 {Ein sehr schönes Bauernopfer für die Initiative. Nach andern
Zügen drohte Weiß vorteilhaft mittels Bc4, Be3 und Rad1 seine Entwicklung zu
vollenden; dann kämen die strukturellen Nachteile des Schwarzen zum Tragen.} (
16... Rc8 17. Bc4 $14) 17. Qxc4 $8 (17. Bxc4 Qb6+ 18. Rf2 (18. Kh1 Rac8 $17 19.
Qb3 Rxc4 20. Qxc4 Ba6 21. Qc2 Bxe2 22. Qxe2 Nh5 $19) 18... Rac8 $1 (18... Bd6)
19. Qb3 Rxc4 20. Qxc4 Ba6 21. Qc2 (21. Qb3 Bxe2 22. Be3 Qb5 $17) 21... Bh2+ $3
22. Kxh2 (22. Kf1 Bg3) 22... Qxf2 $19) 17... Qb6+ (17... Rc8 18. Qb5) 18. Kh1
Rfd8 $1 {Schwarz kontrolliert viele Diagonalen und Linien, außerdem schläft
der weiße Damenflügel noch.} 19. Qb5 {Weiß muß schleunigst die Damen
abtauschen, um nicht in Nachteil zu kommen.} (19. Rb1 $2 {Lutz} Rac8 20. Qb5 (
20. Qb3 Ba6 21. Bxa6 Qxa6 {/\ ...Qxe2, /\ ...Rd3}) 20... Rc5 21. Qxb6 axb6 $36)
19... Qxb5 $1 (19... Qd6 20. Qxb7 $1 (20. Rd1 $2 Ba6) (20. Bf4 Bxf4 21. Nxf4
Qxf4 22. Qxb7 Nh5 $44) (20. f4 Qxd3 21. Qxd3 Rxd3 22. fxe5 Nxe4 $17) (20. Bc4
$5) 20... Qxd3 21. Bf4 Bxb2 22. Rae1 $11) 20. Bxb5 a6 $6 (20... Rac8 $5) (20...
Rab8 $1 $44 21. Bf4 Bxf4 22. Nxf4 Bxe4 23. Ba4 $1 $11) 21. Ba4 a5 {/\ ...Ba6}
22. Bf4 $1 Bxf4 (22... Bxb2 23. Rab1 $14 (23. Rab1 {Lutz} Ba3 24. Rfd1 {
[%csl Ra3,Ra5][%cal Yf4c7,Yc7a5] /\ Bc7; >< a5, a3})) 23. Nxf4 g5 24. e5 (24.
Ne2 {Lutz} Rd2) 24... gxf4 25. exf6 Ra6 26. Rfd1 Rxd1+ 27. Rxd1 Rxf6 {Aufgrund
seiner besseren Bauernstruktur hat Weiß noch einen kleinen Vorteil.} 28. a3 $14
{_|_} bxa3 29. bxa3 Rf5 $1 30. Rd4 Kg7 31. Kh2 Bc8 32. Bc2 Rc5 33. Bd3 Be6 34.
Ba6 Rf5 35. a4 h6 36. Bb5 Kf6 37. Rd8 Kg7 38. Ra8 Bb3 $1 39. Kg1 Rc5 40. Rxa5
Bxa4 (40... Bc4 $5 41. Kf2 (41. Kh2 Rd5 $11) 41... Re5 $44) 41. Rxa4 Rxb5 42.
Rxf4 $11 {+/=_|_} Rb2 43. Kh2 Ra2 44. Rf5 Kg6 45. Rb5 Kg7 46. h4 Ra4 47. Kh3
Ra2 48. g4 Ra1 49. g5 hxg5 50. Rxg5+ Kf6 $1 51. Rg2 Kf5 52. Kg3 Ra8 $1 53. Rb2
Rg8+ 54. Kf2 Rh8 55. Rb5+ Kf4 56. Rb4+ Kf5 57. Kg3 Rg8+ 58. Rg4 Ra8 59. Rf4+
Kg6 60. Kg4 Ra5 $1 61. Rb4 f6 $11 1/2-1/2

[Event "ESP-chT"]
[Site "Ponferrada"]
[Date "1997.??.??"]
[Round "9"]
[White "Granda Zuniga, Julio E"]
[Black "Illescas Cordoba, Miguel"]
[Result "1/2-1/2"]
[WhiteElo "2625"]
[BlackElo "2585"]
[Annotator "Illescas Cordoba,M"]
[PlyCount "66"]
[EventDate "1997.08.29"]
[EventType "team"]
[EventRounds "9"]
[EventCountry "ESP"]
[SourceTitle "CBM 061"]
[Source "ChessBase"]
[SourceDate "1997.11.23"]
[SourceVersion "1"]
[SourceVersionDate "1997.11.23"]
[SourceQuality "1"]

1. d4 d5 2. c4 c6 3. Nc3 Nf6 4. Nf3 e6 5. e3 Nbd7 6. Qc2 Bd6 7. Bd3 O-O 8. O-O
dxc4 9. Bxc4 b5 10. Bd3 Bb7 11. Ne2 $146 {[%cal Gc2c6]} Rc8 {[%csl Yc2]} (11...
c5 $5) 12. Qb1 c5 $1 (12... a6 13. b4 $14 {[%csl Rc5]}) (12... b4 13. a3 $14 {
[%csl Ya7]}) 13. Bxb5 cxd4 14. exd4 (14. Nexd4 Ne5 $44 {[%csl Rg1][%cal Gb7f3,
Gd6h2]}) (14. Nfxd4 $2 Bxh2+ $1 15. Kxh2 Ng4+ 16. Kg3 (16. Kh3 Qg5 $19 {
[%cal Rb7g2]} 17. e4 Qh5+ 18. Kg3 Qh2+ 19. Kxg4 Ne5+ 20. Kg5 f6# {#}) 16... Qg5
17. f3 (17. f4 Qh5 18. e4 Nc5 19. Bd3 f5 $17 {->}) 17... Nxe3+ 18. Kf2 Qxg2+
19. Kxe3 Qxf1 {[%csl Re3]} (19... e5 20. Rg1 exd4+ 21. Kd2 Qh3) 20. Bxd7 Rc7
21. Bb5 e5 $17 {->}) 14... Be4 $1 15. Bd3 Bxf3 16. gxf3 {[%csl Rd4,Rf2,Rf3,Rh2]
} Qa5 $44 {[%csl Ra1,Rb1]} 17. Ng3 Qd5 {[%csl Yd4,Yf3]} 18. Ba6 $5 Rb8 (18...
Qxf3 $6 19. Bxc8 Rxc8 20. Be3 Ng4 21. Qd1 Nxh2 22. Qxf3 (22. Kxh2 $5 Bxg3+ 23.
Kh3) 22... Nxf3+ 23. Kg2 Nh4+ 24. Kh3 $16) 19. Qd3 Rb4 20. Qc3 $1 (20. Rd1 Nb8
$1 $17) 20... Nb8 $5 (20... Ra4 21. Be2 Nb6 $44) (20... Rxd4 21. Be3) 21. Bd3 (
21. Be2 Nc6 22. Be3 Nxd4 23. Rad1 $2 (23. Rfd1 $142) 23... Nxe2+ $1 24. Nxe2
Qxf3 $1 25. Rxd6 Rg4+ 26. Ng3 Ne4 $17 27. Qc6 h5 $1 28. Re1 (28. Rd4 h4 29.
Rxe4 hxg3 $19) (28. Rfd1 h4 29. Rd8 hxg3 30. Rxf8+ Kh7 31. hxg3 Rxg3+ 32. fxg3
Qxe3+ $19) (28. Rd3 h4 29. h3 hxg3 30. hxg4 g2 $1 $19) 28... h4 29. Bc5 h3 30.
Kf1 Nd2+ 31. Kg1 Re4 $19) 21... Rxd4 22. Rd1 $1 (22. Be4 Nxe4 23. fxe4 Qc4 24.
Be3 Qxc3 25. bxc3 Ra4 $15) 22... Bxg3 (22... Be5 $5 23. Be3 Rh4 24. Qc5 Qxc5
25. Bxc5 Rc8 26. Bxa7 Ra4 $44) 23. Bxh7+ $8 Nxh7 24. Rxd4 Be5 25. Rxd5 Bxc3 26.
Rb5 $1 Bf6 (26... Bd4 27. Be3 $14) 27. Be3 Nc6 28. Rd1 $1 (28. Rc1 $2 Nd4 $17)
28... Ra8 $5 {/\Nf8} (28... e5) 29. f4 $1 (29. Rd6 Ne5 $15) 29... e5 (29... a6
30. Rb6 Ne7 31. Rdd6 a5 32. Ra6 $14) (29... a5 $5) 30. fxe5 Nxe5 31. Rdd5 $6 (
31. b3 $1 Ng4 $1 (31... Nf8 32. Ra5 Nc6 (32... a6 33. Rd6) 33. Ra6 Nb4 34. Ra4
a5 35. Bb6 Ne6 36. Bxa5 Nc6 37. Bb6 Rxa4 38. bxa4 $16) 32. Bf4 Bh4 $1 (32...
Bd8 33. h3 Ngf6 34. Be3 $14) 33. Bg3 Bd8 $1 (33... Bxg3 34. hxg3 Re8 35. Ra5
$16) 34. h3 Ngf6 35. Rb8 Rxb8 36. Bxb8 Bb6 $11) 31... a6 $1 32. Rb7 Nf8 $11 33.
Bf4 Nfg6 1/2-1/2

[Event "RUS-ch Higher League 67th"]
[Site "Vladivostok"]
[Date "2014.06.10"]
[Round "6"]
[White "Jakovenko, Dmitrij"]
[Black "Goganov, Aleksey"]
[Result "1-0"]
[WhiteElo "2736"]
[BlackElo "2591"]
[Annotator "Jakovenko,D"]
[PlyCount "73"]
[EventDate "2014.06.04"]
[EventType "swiss"]
[EventRounds "9"]
[EventCountry "RUS"]
[SourceTitle "CBM 161"]
[Source "ChessBase"]
[SourceDate "2014.07.16"]
[SourceVersion "1"]
[SourceVersionDate "2014.07.16"]
[SourceQuality "1"]

1. d4 d5 2. c4 c6 3. Nf3 Nf6 4. e3 e6 5. Bd3 dxc4 6. Bxc4 Nbd7 7. O-O Bd6 8.
Nc3 O-O 9. e4 e5 10. Be3 {I expected this line and had prepared this somewhat
rare move.} ({A much more popular move is} 10. Bg5) 10... Qc7 {And yet I was
surprised immediately!} ({My preparation was focussed on the moves} 10... Qe7)
({and} 10... b5) 11. h3 {Very natural, defending the h-pawn and preventing
Nf6-g4.} exd4 12. Nxd4 ({I considered} 12. Bxd4 {but didn't like} Ne5 13. Bb3
Be6) 12... Ne5 13. Bb3 Ng6 {With this manoeuvre Black prevents the advance of
the white pawns and gets a quite solid position. Here I started to spend a lot
of time as I could not find anything promising. Finally, I decided just to
make natural moves hoping that when complications arise White will have some
resources.} 14. Rc1 ({According to my database, the only game where this
position arose continued} 14. Qc2 Re8 15. Rad1 Bh2+ 16. Kh1 Bf4 {Likavsky, T -
Khenkin,I 2002, and here White should have played} 17. Rfe1 $14 {with a slight
advantage. Of course, Black's play was not forced.}) 14... a6 ({Black could
also play} 14... Bf4 {and I was hoping for a slight edge in the endgame after}
15. Qd2 Bxe3 16. Qxe3 Qf4 17. Qxf4 Nxf4 18. Rcd1 $14) 15. Qd2 ({Nothing is
achieved by} 15. Nd5 Nxd5 16. exd5 c5) 15... Re8 ({The immediate} 15... Bb4 {
deserved serious consideration. I was going to meet it with} 16. Qd3 $13) 16.
Nf3 Bb4 $6 {With this move Black wins the pawn but White's initiative turns
out to be more than enough compensation.} ({The simple} 16... h6 {was better.
I was counting on} 17. Nd5 Nxd5 18. exd5 c5 19. Qc2 $6 b6 20. a4 $6 {but here
Black suddenly starts an attack:} Nf4 $1 21. a5 Nxh3+ 22. gxh3 $2 Qd7 $19) ({
Bad was} 16... Nxe4 $2 17. Nxe4 Rxe4 18. Bxf7+ $1 Qxf7 19. Ng5) 17. Ng5 Bxc3 $2
({It was better to win the pawn another way:} 17... Nxe4 18. Nd5 $1 (18. Ngxe4
Rxe4 19. Qc2 {is very tempting but does not work because of} Re5 $1 20. Nd5 Qd6
21. Nb6 Bf5 $1) 18... Nxd2 19. Nxc7 Nxb3 20. axb3 Bf5 21. Nxa8 Rxa8 22. Rfd1
$14 {and Black has good chances to hold.}) 18. Rxc3 ({An even stronger move was
} 18. Qxc3 $1 Nxe4 19. Nxe4 Rxe4 20. Rce1 $1 {[%cal Ge3d4] and Black just has
no good defence against Bd4} ({also better for White but not that clear} 20.
Bd4 Nf4 21. Rce1 Ne2+ 22. Rxe2 Rxe2 23. Bxg7 Be6 24. Bd1 Re4 25. b3 $1 $14)
20... Bf5 21. Bc2 Re5 22. Bf4 $1 Nxf4 23. Rxe5 Bxc2 24. Rfe1 $1 Ne6 25. Qxc2 {
. But this variation is very hard to calculate while the move in the game
provides a simple and solid advantage.}) 18... Nxe4 19. Nxe4 Rxe4 20. f4 $1 {
If this pawn comes to f6 it's a disaster for Black and it turns out that he
can't stop it without material losses.} Bd7 $6 ({The lesser evil was} 20... Bf5
21. Bc2 Rae8 $16 {giving up an enchange. Still I think White's position is
objectively winning here.}) 21. f5 Nf8 (21... Nh4 {loses to} 22. Bc2 Re5 23.
Qf2 Qd8 (23... Nxf5 24. Bf4) 24. g4 $1 $18 {[%cal Ge3f4,Gf4g3] , then the
bishop comes to g3 and just wins the knight.}) 22. f6 $6 $16 ({White could win
immediately with} 22. Bd4 $1 {[%cal Gd4g7]} h6 (22... Rae8 23. Bxg7 Kxg7 24.
Qg5+ $18) 23. Bc2 (23. Bxg7 {also wins:} Kxg7 24. f6+ Kh7 25. Bc2 Rae8 26.
Bxe4+ Rxe4 27. Qc2 Qb6+ 28. Kh1 Qd4 29. Rf4 Bf5 30. Rxf5 $18) 23... Rh4 24. Qf2
Rxd4 25. Qxd4 $18 {. I'd seen this idea but I had less than 20 minutes on the
clocks and was more concerned by not spoiling my huge advantage than by
finding the most convincing win.}) 22... Be6 23. Bc2 Re5 24. fxg7 Ng6 25. Bd4
Rd5 $6 ({A more stubborn try was} 25... Qd7 26. Bxg6 hxg6 27. Rd3 Rh5 28. Bf6
Bd5 29. Re1 {. I evaluate this position as hopeless for Black but Houdini
gives White only +1.00.}) 26. Be4 $6 ({Again I miss an immediate win:} 26. Qh6
$1 Qd6 27. Rcf3 $1) 26... Rd7 27. Qf2 f5 $2 {Black just collapses.} ({After} 
27... Qd6 28. Bf6 (28. Rd3 Bc4 29. Bc5 {is winning but quite messy for time
trouble}) 28... Qd2 29. Qf3 Qxb2 30. Rxc6 Qxa2 {White's advantage is still
huge but there are still 10 more moves to be played till the 40th move. There
is the win by force but would I have found it?} 31. Rc5 $1 {[%cal Gc5h5]} (31.
Rc3 $16) 31... Qb3 32. Bc3 Rc7 $1 33. Rxc7 Qb6+ 34. Bd4 $1 Qxc7 35. Bxg6 hxg6
36. Qe3 $18) 28. Bxf5 Bxf5 29. Qxf5 Re8 (29... Rxd4 30. Qe6+ Kxg7 31. Qf6+ $18)
30. Bf6 {Once more I fail to finish the game immediately but here all roads
lead to Rome.} (30. Re3 $1 $18) 30... Rf7 31. Qf2 Qd6 32. Rf3 $18 Qe6 33. a3
Qe2 34. Qg3 Qe4 35. Kh2 Ne5 {Finally Black blunders.} 36. Bxe5 Rxf3 37. Rxf3 {
Black resigned in view of 37...Qe5 38.Rf8+.} 1-0

[Event "GER-ARM"]
[Site "Baden-Baden"]
[Date "1996.??.??"]
[Round "4"]
[White "Jussupow, Artur"]
[Black "Akopian, Vladimir Eduardovic"]
[Result "1/2-1/2"]
[WhiteElo "2665"]
[BlackElo "2630"]
[Annotator "Jussupow,A"]
[PlyCount "85"]
[EventDate "1996.07.31"]
[EventType "match"]
[EventRounds "4"]
[EventCountry "GER"]
[SourceTitle "CBM 055"]
[Source "ChessBase"]
[SourceDate "1996.12.01"]
[SourceVersion "1"]
[SourceVersionDate "1996.12.01"]
[SourceQuality "1"]
[WhiteTeam "Germany"]
[BlackTeam "Armenia"]
[WhiteTeamCountry "GER"]
[BlackTeamCountry "ARM"]

1. d4 d5 2. c4 c6 3. Nc3 Nf6 4. e3 e6 5. b3 Nbd7 6. Bb2 Bd6 7. Nf3 (7. c5 Bc7
8. f4 b6 9. b4 a5 10. a3 axb4 11. axb4 Rxa1 12. Qxa1 (12. Bxa1 bxc5 13. bxc5
Ba5 14. Bd3 Ne4 $132) 12... Ng4 $132) 7... O-O 8. Bd3 e5 9. cxd5 cxd5 10. dxe5
Nxe5 11. Be2 Nxf3+ (11... Be6 12. O-O a6 $1 13. Nxe5 Bxe5 14. Na4 Bxb2 15. Nxb2
Rc8 16. Qd4 Qa5 17. Nd3 Rc2 18. Nf4 $14 {1/2-1/2 Yusupov,A-Ribli,Z/Bl 1996 (33)
}) 12. Bxf3 Be5 13. O-O Be6 14. Qd2 (14. Na4 {1/2-1/2 Yusupov,A-Dreev,A/
Nussloch/1996} Qd6 $14) 14... Rc8 (14... Ne4 $5 15. Nxe4 dxe4 16. Qxd8 Raxd8
17. Bxe5 exf3 18. gxf3 Bh3 19. Rfd1 $14) 15. Rfd1 (15. Ne2 $5 Bxb2 16. Qxb2 Bf5
$14) (15. Rac1 $5 Qa5 16. Rfd1 Rfd8 17. Ne2) 15... Bg4 (15... Bxc3 $1 16. Bxc3
Ne4 17. Bxe4 dxe4 $10) 16. Rac1 $1 (16. Bxg4 Nxg4 17. f4 (17. h3 $2 Nxf2 $1)
17... Bxc3 18. Bxc3 Re8 $132) 16... Bxf3 17. gxf3 Rc6 18. Ne2 $14 Bxb2 19. Qxb2
Qd7 20. Nd4 (20. Rxc6 $5) 20... Rxc1 21. Rxc1 Rc8 22. Rxc8+ (22. Rd1 $5) 22...
Qxc8 23. Qa3 a6 24. Qd6 h6 25. Kg2 (25. a4 $5) 25... Qd7 26. Qe5 Kh7 27. a4 Ne8
28. Kf1 (28. Qf5+ Qxf5 29. Nxf5 g6 30. Ne7 Nc7 $14) 28... g6 29. Ke2 Ng7 30.
Qb8 Ne8 31. Kd3 (31. Qe5 $142) 31... Nd6 $10 32. Ke2 Kg7 33. Kf1 Qh3+ 34. Kg1
Qd7 35. Kg2 h5 36. h3 Qe7 37. f4 Qe4+ 38. Kh2 Qe7 39. Nf3 Ne4 40. Kg2 Nd6 41.
Nd4 Qe4+ 42. Kh2 Qe7 43. Kg2 1/2-1/2

[Event "Israel"]
[Site "Israel"]
[Date "1999.08.27"]
[Round "?"]
[White "Tsesarsky, Ilya"]
[Black "Kaspi, Alexander"]
[Result "0-1"]
[WhiteElo "2470"]
[BlackElo "2486"]
[Annotator "Kaspi,A"]
[PlyCount "92"]
[EventDate "1999.??.??"]
[EventType "game"]
[EventRounds "1"]
[EventCountry "ISR"]
[SourceTitle "CBM 072"]
[Source "ChessBase"]
[SourceDate "1999.10.01"]
[SourceVersion "1"]
[SourceVersionDate "1999.10.01"]
[SourceQuality "1"]

1. Nf3 {Tyomkin,D} Nf6 2. c4 c6 3. d4 d5 4. Nc3 e6 5. e3 Nbd7 6. Qc2 Bd6 7. Bd3
O-O 8. O-O dxc4 9. Bxc4 b5 10. Be2 Bb7 11. Rd1 Qe7 12. e4 (12. a3 a5 13. e4 b4
(13... e5 14. dxe5 Nxe5 15. Nd4 Bc5 16. Nf5 Qc7 17. Be3 (17. Bf4 Nf3+) 17...
Bxe3 18. Nxe3 Qb6 $11 {0-1 Arlandi,E-Efimov,I/Saint Vincent ITA 1998 (27)}) 14.
e5 bxc3 15. exd6 Qxd6 16. bxc3 c5 17. c4 Rac8 18. dxc5 Qxc5 19. Bb2 e5 $15 {
0-1 Bauer,C-Fressinet,L/Meribel 1998/CBM 67 noVC (45)}) 12... e5 13. a3 $146 (
13. dxe5 Nxe5 14. Nd4 Bc5 15. Nf5 Qc7 16. Be3 Bxe3 17. Nxe3 Qb6 18. Rd6 Qc5 19.
Qd2 b4 (19... Nd5 20. Nf5 Nxc3 21. bxc3 $14 {[%cal Ga1d1,Yd2g5]}) 20. Na4 Qa5
21. Qc2 Rad8 22. Rad1 Rxd6 23. Rxd6 Qc7 24. Rd4 a5 25. f4 Ng6 26. e5 $16 {
1-0 Cvitan,O-Panchenko,A/Moscow 1989/TD (36)}) 13... a6 14. Bg5 h6 15. Bh4 c5
16. d5 (16. dxe5 Nxe5 17. a4 b4 18. Nxe5 (18. Nd5 Bxd5 19. exd5 Ng6 20. Bg3
Bxg3 21. hxg3 Qd6 $11) 18... Bxe5 19. Nd5 Bxd5 20. exd5 Qd6 $11) 16... c4 $5 {
[%cal Gf8c8,Gd7c5] It leads to the pawn sacrifice in few moves.Black had
another plan to play on the kingside:} (16... Rfd8 17. Rac1 Nf8 18. Nd2 g5 19.
Bg3 Ng6 20. Nb3 h5 {[%cal Gg8g7] and black creates a pressure on the kingside.}
) 17. Nd2 (17. a4 g5 18. Bg3 b4 19. Nb1 Rfc8 20. Bxc4 Nb6 21. Nbd2 a5 {[%cal
Gb7a6]} 22. Qd3 Nxc4 23. Nxc4 Ba6 24. Rac1 Nd7 25. b3 Nb6 26. Nfd2 Nxc4 27.
Nxc4 Rc7 28. Qd2 Bxc4 29. Rxc4 Rxc4 30. bxc4 Qc7 31. Rc1 Qc5 {[%csl Ra4,Gb4,
Gc5,Yd4,Gd6,Rg3][%cal Ga8b8] Whites bishop-g3 stays out of play,black is
threatening to push his passed pawn-b4,white central passed pawns are blocked
by black pieces.All this gives strong compensation.}) 17... Rfc8 18. Rdc1 Nc5
$5 (18... Nb6 $6 19. Nf1 Rc7 20. Ne3 Bc8 21. Bg4 Bxg4 22. Nxg4 Nbd7 23. Qe2 {
[%csl Rf6][%cal Rh4e7] The pin of knight-f6 is really unpleasant for black.})
19. a4 g5 20. Bg3 b4 $1 {The beginning of next tactical operation.} (20... Qd7
21. axb5 axb5 22. Nd1 $14 {[%cal Rd1e3,Re3f5]}) 21. Nd1 c3 $1 {[%mdl 512]} 22.
bxc3 b3 $1 {That is the point! Black has advanced pawn untill-b3 using a
weakness of e4-pawn.Now black developes a pressure on the queenside,b3 -pawn
strongly limits white pieces from monouevring on the queenside.} 23. Qb1 (23.
Nxb3 $2 Ncxe4 $17 {[%csl Rd5]}) 23... Rcb8 24. c4 $2 {[%csl Rb4][%mdl 16384]
Just worsens whites position.White doesn't have c4-outpost for his pieces,and
black gets additional b4-square on line-b.} (24. Nb2 $142 Bc8 $44) 24... Bc8
25. Nb2 a5 {[%csl Ra4]} 26. Rc3 Rb4 27. f3 (27. Bd1 Rab8) 27... Bd7 28. Bf2
Rab8 29. Nd3 Nxd3 30. Qxd3 b2 31. Rb1 Bc5 32. Nb3 Bxf2+ 33. Kxf2 Bxa4 34. Rxb2
Qa7+ 35. Kf1 $6 ({Better chance for white was:} 35. c5 $142 Nd7 36. Qe3 Rxb3
37. Rbxb3 Rxb3 38. Rxb3 Bxb3 39. Qxb3 Nxc5 40. Qe3 a4 $17 (40... Qb6 $17))
35... Nd7 {[%cal Ra4b3] White can not get rid of pin over b-line.Black can
gain at least an exchange out of it.} 36. Bd1 Kg7 (36... R8b7 37. d6 Nc5 38.
Qe3 Bxb3 39. Rbxb3 Nxb3 40. Qxa7 Rxa7 41. Bxb3 a4 42. Ba2 Rb2 43. Ra3 Rc2 $17)
37. g3 R8b7 38. Bc2 (38. d6 Nc5 39. Qe3 Bxb3 40. Rbxb3 Nxb3 41. Qxa7 Rxa7 42.
Bxb3 a4 $19) 38... Bxb3 {Finally black decides to turn his positional
advantage to material.White is hopeless.} 39. Rcxb3 (39. Bxb3 Nc5 40. Qe3 a4)
39... Nc5 40. Qe3 (40. Qc3 Nxb3 41. Rxb3 Rxb3 42. Bxb3 Qd4 $19) 40... Nxb3 41.
Qxa7 Rxa7 42. Rxb3 Rxb3 43. Bxb3 Rb7 44. Ba4 Rb4 45. Bb5 a4 46. d6 Kf6 0-1

[Event "RUS-Cup2"]
[Site "Moscow"]
[Date "1996.??.??"]
[Round "1"]
[White "Kharitonov, Andrei Y"]
[Black "Yasinsky, Vladimir"]
[Result "1-0"]
[WhiteElo "2540"]
[BlackElo "2305"]
[Annotator "Kharitonov,A"]
[PlyCount "57"]
[EventDate "1996.11.28"]
[EventType "swiss"]
[EventRounds "9"]
[EventCountry "RUS"]
[SourceTitle "CBM 056 Extra"]
[Source "ChessBase"]
[SourceDate "1997.03.01"]
[SourceVersion "1"]
[SourceVersionDate "1997.03.01"]
[SourceQuality "1"]

1. d4 d5 2. c4 c6 3. Nf3 Nf6 4. Nc3 e6 5. e3 Nbd7 6. Qc2 Bd6 7. Be2 O-O 8. O-O
dxc4 9. Bxc4 e5 10. Bb3 Qe7 (10... Qa5 $5 11. Bd2 exd4 12. Ne4 (12. Nd5 Qd8 13.
Nxf6+ Qxf6) (12. exd4 Qh5 13. Ne2 Nb6 14. Nf4 Bxf4 15. Bxf4 Bf5) 12... Bb4 13.
Bxb4 Qxb4 14. Nxf6+ Nxf6 15. Nxd4 Bd7 $14 {Engqvist,Th-Klovans,Y/Gausdal/1995/}
) (10... Qc7 $5 11. h3 Re8 (11... b6 12. Ng5 (12. Bd2 $5) (12. Rd1 $5) 12...
Ba6 13. Re1 Rae8 14. Bd2 h6 15. Nge4 Re7 $1 $13 {Sokolov,I-Piket,J/Wijk aan
Zee/1996/0|1/43/}) 12. Ng5 Re7 13. dxe5 Bxe5 14. Ne2 h6 $2 (14... Bd6 $22 15.
Nd4 Nc5 $10 {Vul,A/}) 15. Nxf7 $1 Rxf7 16. f4 Bd6 17. Bxf7+ Kxf7 18. e4 $16 {
Naumkin,I-Vul,A/Amantea/1995/1|0/35/}) 11. h3 b6 12. Rd1 $5 {N/} (12. e4 exd4
13. Nxd4 Nc5 $6 (13... Qe5 $5 14. Nf3 Qh5 $22 15. Be3 Nc5 $10 {Halifman,A/})
14. Bg5 Nxb3 15. axb3 Bd7 16. f4 Bc5 17. Rad1 Qd6 18. Qf2 $16 {Halifman,
A-Huzman,A/Taskent/1987/1|0/29/}) 12... Bb7 13. e4 c5 $6 (13... Rad8 $5 14. Bg5
(14. Be3 $5 $14) (14. dxe5 Nxe5 15. Nd4 Bc8 16. f4 Bc5 17. Be3 Ng6 $13) 14...
h6 15. Bh4 g5 $5 16. Bg3 Nh5 17. Bh2 Kg7 $13) 14. d5 $1 $16 (14. dxe5 $6 Nxe5
15. Nh4 g6 16. f4 $2 c4 17. Ba4 (17. fxe5 cxb3 18. exd6 bxc2 $19) 17... Nd3 $17
) 14... Ba6 (14... a6 15. a4 Rfe8 16. Bc4 Nf8 17. Be3 (17. Nh4 Bc8) 17... Ng6
18. Bf1 $22 Rad8 19. Nd2 Qc7 20. Nc4 $16) 15. Ba4 $1 c4 (15... Rab8 16. Nb5
Bxb5 17. Bxb5 $16) 16. Bg5 Nc5 (16... h6 17. Bxd7 hxg5 (17... Qxd7 18. Bxf6
gxf6 19. Nh4 $16) 18. Bc6 $22 Rad8 19. Nxg5 $16) 17. Bc6 Rab8 18. b4 $1 Nd3 (
18... cxb3 19. axb3 $16) 19. a3 $1 (19. b5 $6 Bc8 $22 20. a4 Bc5 $5 (20... h6
21. Bh4 g5 22. Bg3 Nh5 $132)) 19... b5 (19... h6 20. Be3 Nh5 21. Nb5 $16) 20.
Nh4 $1 g6 $8 21. Nf3 Kg7 22. Qd2 Rfc8 23. Qe3 $1 Qc7 $2 (23... Nf4 $2 24. Bxf4
exf4 25. Qd4 $18) (23... Rc7 24. g3 Bc8 $6 25. Bxb5 Bxh3 26. Nd2 $18) 24. Bxf6+
Kxf6 25. Qh6 $18 Rh8 (25... Ke7 26. Qh4+ Kf8 27. Qxh7 $18) 26. Nh2 $1 Ke7 (
26... Bc8 27. Nxb5 Qb6 28. Rxd3 cxd3 29. Nxd6 $18) 27. Ng4 Qb6 (27... Qd8 28.
Qg7 $18) (27... Nf4 28. a4 $1 bxa4 (28... Bxb4 29. axb5 Bc8 30. Qh4+ Kf8 31.
Qf6 Rg8 32. d6 $18) 29. Rxa4 Bc8 (29... Rb6 30. Qg7 $18) 30. Qg5+ Kf8 31. Qf6
Rg8 32. Rxa7 Qxa7 33. Qxd6+ Kg7 34. Qxe5+ $18) 28. Qg5+ Kf8 29. Qf6 1-0